| 000 -LEADER |
| fixed length control field |
00871nam a22002897a 4500 |
| 001 - CONTROL NUMBER |
| control field |
4154541 |
| 003 - CONTROL NUMBER IDENTIFIER |
| control field |
OSt |
| 005 - DATE AND TIME OF LATEST TRANSACTION |
| control field |
20210426101851.0 |
| 008 - FIXED-LENGTH DATA ELEMENTS--GENERAL INFORMATION |
| fixed length control field |
780411s1978 nyu 001 0 eng |
| 010 ## - LIBRARY OF CONGRESS CONTROL NUMBER |
| LC control number |
78006443 |
| 020 ## - INTERNATIONAL STANDARD BOOK NUMBER |
| International Standard Book Number |
0517528770 |
| 040 ## - CATALOGING SOURCE |
| Original cataloging agency |
DLC |
| Transcribing agency |
DLC |
| Modifying agency |
DLC |
| Language of cataloging |
eng |
| 041 ## - LANGUAGE CODE |
| Language code of text/sound track or separate title |
eng |
| 050 00 - LIBRARY OF CONGRESS CALL NUMBER |
| Classification number |
PN6081 |
| Item number |
.M87 |
| 080 ## - UNIVERSAL DECIMAL CLASSIFICATION NUMBER |
| Universal Decimal Classification number |
821.111 |
| Item number |
M-96 |
| 082 00 - DEWEY DECIMAL CLASSIFICATION NUMBER |
| Classification number |
082 |
| 100 1# - MAIN ENTRY--PERSONAL NAME |
| Personal name |
Murphy, Edward F., |
| Dates associated with a name |
1921- |
| 245 14 - TITLE STATEMENT |
| Title |
The Crown treasury of relevant quotations / |
| Statement of responsibility, etc. |
Edward F. Murphy. |
| Remainder of title |
/ by: Crown Publishers Inc |
| 260 ## - PUBLICATION, DISTRIBUTION, ETC. |
| Place of publication, distribution, etc. |
New York |
| Name of publisher, distributor, etc. |
Crown Publishers Inc |
| Date of publication, distribution, etc. |
c1978. |
| 300 ## - PHYSICAL DESCRIPTION |
| Extent |
viii, 658 p. |
| Dimensions |
24 cm. |
| 500 ## - GENERAL NOTE |
| General note |
Includes indexes. |
| 650 #0 - SUBJECT ADDED ENTRY--TOPICAL TERM |
| Topical term or geographic name entry element |
Quotations, English. |
| 650 #0 - SUBJECT ADDED ENTRY--TOPICAL TERM |
| Topical term or geographic name entry element |
English literature |
| 9 (RLIN) |
247 |
| 653 ## - INDEX TERM--UNCONTROLLED |
| Uncontrolled term |
ინგლისური ლიტერატურა |
| 906 ## - LOCAL DATA ELEMENT F, LDF (RLIN) |
| a |
7 |
| b |
cbc |
| c |
orignew |
| d |
1 |
| e |
ocip |
| f |
19 |
| g |
y-gencatlg |
| 942 ## - ADDED ENTRY ELEMENTS (KOHA) |
| Source of classification or shelving scheme |
|
| Koha item type |
Books |